Medal Table Summer Olympics - Field Hockey - Statistics

General Stats
  • This quiz has been taken 70 times
  • The average score is 15 of 20
Answer Stats
Gold Silver Bronze Total Countries % Correct
8 1 3 12 India
98%
4 2 7 13 Great Britain
97%
6 6 6 18 Netherlands
95%
4 2 4 10 Germany
94%
4 4 5 13 Australia
89%
1 3 1 5 Spain
89%
1 3 2 6 Argentina
88%
0 1 0 1 China
88%
0 0 2 2 United States
86%
1 1 1 3 Belgium
85%
1 0 0 1 New Zealand
85%
0 1 0 1 Japan
82%
3 3 2 8 Pakistan
80%
0 0 1 1 United Team of Germany
77%
0 3 0 3 South Korea
72%
0 0 2 2 Soviet Union
60%
0 1 0 1 Denmark
42%
1 3 0 4 West Germany
37%
0 1 0 1 Czechoslovakia
25%
1 0 0 1 Zimbabwe
17%
No matching quizzes found
Score Distribution
Percent of People with Each Score
Percentile by Number Answered
Your Score History
You have not taken this quiz